000 00355nam a2200145Ia 4500
003 0
005 20260121162050.0
008 180323s9999 xx 000 0 und d
020 _a9813047984
100 _aLinardakis, Nikos M.
245 _aMicrobiology /
260 _aUSA:
_bMichaelis Medical Publication
_c1994
300 _a99 pages
942 _2lcc
_cBK
999 _c356358
_d356358